000 01449nam a2200397 c 4500
001 21086
003 ES-MaCES
005 20141221122715.0
008 080508s2007 sp t o000 | spa d
017 _aM 42931-2007
_bDL
020 _a9788496809451
035 _aCES20080004150m
040 _aES-MaCES
_bspa
_cES-MaCES
245 0 3 _aLa negociación colectiva en las Administraciones Públicas a propósito del Estatuto básico del empleado público
_cdirectora, Lucía Ruano Rodríguez
260 _aMadrid
_bConsejo General del Poder Judicial
_c[2007]
300 _a358 p.
_c22 cm
490 1 _aManuales de formación continuada
_v41-2007
541 _cGratuito
650 4 _anegociación colectiva
_928362
650 4 _aadministración pública
_927214
650 4 _afunción pública
_927225
650 4 _afuncionario
_927224
650 4 _acondiciones de trabajo
_928327
650 4 _acondiciones de empleo
_930040
650 4 _aderecho del trabajo
_927165
650 4 _aEspaña
_926964
650 4 _alegislación del trabajo
_927166
650 4 _arégimen jurídico
_929894
653 1 0 _aDerecho del trabajo y Seguridad Social
700 1 _aRuano Rodríguez, Lucía
_edir.
_922741
710 1 _aEspaña
_bConsejo General del Poder Judicial
_eed.
_92750
830 1 _aManuales de formación continuada
_v41-2007
_933573
902 _aLIB Libro
942 _2CES
_cBK
_h6.0.1.
999 _c21086
_d21086